Estadísticas para Geografía por Letra - D

Haz click aquí para tomar la prueba!

Estadísticas generales

  • Esta prueba ha sido tomada 3.161 veces
  • La puntuación promedio es 12 de 20

Estadísticas de respuestas

PistaRespuesta% Correcto
Capital de IrlandaDublin
99%
País que limita solo con AlemaniaDinamarca
94%
La ciudad donde se encuentra el edificio más alto del mundoDubai
86%
Atacama, Gobi, Kalahari, etc.Desierto
82%
La ciudad más grande de IndiaDelhi
81%
País insular en el Mar CaribeDominica
81%
Capital de BangladésDaca
79%
Río que pasa por Viena y BudapestDanubio
78%
Capital de SenegalDakar
73%
Alemania en alemánDeutschland
69%
El primer estado de los Estados UnidosDelaware
68%
Forma triangular en la desembocadura de algunos ríosDelta
68%
La ciudad más grande de MichiganDetroit
62%
Ciudad alemana destruida por bombas incendiarias en 1945Dresde
37%
Ciudad del Canal de La Mancha con acantilados blancos, o una capital de un estado de EE. UU.Dover
34%
Nombre para el parlamento rusoDuma
31%
La tercera ciudad más grande de SudáfricaDurban
29%
Un estado de MéxicoDurango
28%
La montaña más alta de América del Norte; anteriormente conocido como Mount McKinleyDenali
23%
Festival hindú de las lucesDiwali
18%

Distribución de puntuación

Porcentaje por número respondido

Porcentaje de gente con cada puntuación

Historial de tus puntuaciones

No has tomado esta prueba